Estudio Dogmt̀ico y Filosf̤ico del Concepto de Delito

Detalles Bibliográficos
Autor principal: Piva Torres, Gianni Egidio
Otros Autores: Granadillo, Alfonzo
Formato: eBook
Lenguaje:español
Publicado: Barcelona: J.M. Bosch Editor, 2019
Materias:
Acceso en línea:Acceso restringido

MARC

LEADER 00000nam a22000007a 4500
005 20190911221959.0
007 cr|||| ||||
008 190911s2019 es |||||s|||| 00||0 spa d
020 |a 978-84-120546-5-1 
035 |a 24838 
040 |a vLex 
090 |c 9477  |d 9477 
100 1 |a Piva Torres, Gianni Egidio 
245 1 0 |a Estudio Dogmt̀ico y Filosf̤ico del Concepto de Delito  |h [Recurso electrn̤ico] /  |c Gianni Egidio Piva Torres, Alfonzo Granadillo 
256 |a Servicio en ln̕ea 
260 |a Barcelona:  |b J.M. Bosch Editor,  |c 2019 
300 |a 1 recurso electrn̤ico 
500 |a Cuando hablamos del concepto de delito, estamos hablando de la esencia del Ius puniendi, para el anl̀isis de este concepto que es lo que trata la presente obra, nos apoyamos en conceptos filosf̤icos y dogmaticos, de ah ̕la denominacin̤ del libro como Concepto Filosf̤ico y Dogmatico del Delito. Al referirnos al concepto filosf̤ico y dogmatico del delito, hacemos un esbozo del pensamiento filosf̤ico, seąlando que desde el punto de vista religioso el pecado se equipara al delito, en el cristianismo encontramos prohibiciones como no robar, no matar, hoy recogidas estos mandatos en tipos penales autn̤omos. Ya tratando de positivista el concepto de delito, desde la dogmatica, nos paseamos por el pensamiento Griego, Romano, hasta llegar a las escuelas positivistas alemanas, para terminar aceptando, que el delito es un acto tp̕ico antijurd̕ico y culpable. Una vez definido el concepto de delito, desde la p̤tica filosf̤ica y dogmatica, nos entramos en los elementos que lo componen, como son: la tipicidad, la accin̤, la culpabilidad como elemento punitivo. En lo relativo a las eximentes de responsabilidad penal que anulan al delito, seąlamos que si bien un delito es un acto tp̕ico antijurd̕ico y culpable, en el caso de las eximentes de responsabilidad penal no se completa el concepto de delito y por lo tanto el hecho no es punible, por faltar un elemento como es la culpabilidad. Como bien lo dice Zaffaroni: “ en el caso de las eximentes de responsabilidad penal el hecho es tp̕ico, antijurd̕ico pero no llega hacer culpable, por razn̤ de la eximente de responsabilidad penal”. 
506 1 |a Disponible solo en los productos indicados  |d vLex Global  |d vLex Global (Academic Edition, excluding Law Schools)  |d vLex Global (U.S. Academic Edition, Law Schools)  |d vLex Global (U.S. Academic Edition, excluding Law Schools)  |d vLex Global (Academic Edition, Law Schools) 
650 0 4 |a Derecho Penal  |z Espaą 
650 0 4 |a Procedimiento Penal  |z Espaą 
700 1 |a Granadillo, Alfonzo 
740 0 |a vLex Libros (Servicio en ln̕ea) 
856 4 0 |u http://vlex.com/source/estudio-dogmatico-y-filosofico-del-concepto-de-delito-24838  |z Acceso restringido 
942 |c BOOK 
999 0 |a Criminal Law 
999 0 |a Criminal Procedure